Statistics for Biggest Cities in the Jewish Pale of the Russian Empire with a Map

Click here to take the quiz!

General Stats

  • This quiz has been taken 208 times
  • The average score is 25 of 50

Answers on the Map

Answers color-coded by a green-red scale on the quiz's map according to % correct below.
 

Answer Stats

Population% of
Jews
City% Correct
683,69230.8Varshava
(Warsaw)
100%
247,72312.8Kiev
(Kyiv)
98%
403,81534.6Odessa
(Odesa)
96%
154,53240.0Vilna
(Vilnius)
96%
90,91252.3Minsk
94%
53,5957.3Sebastopol
(Sevastopol)
92%
314,02031.4Lodz
(Łódź)
89%
108,48346.3Kishinev
(Chișinău)
87%
31,11615.1Mariupol
77%
112,83936.5Yekaterinoslav
(Dnipro)
77%
46,56865.7Brest-Litovsk
(Brest)
74%
70,92035.8Kovno
(Kaunas)
73%
50,38546.8Lyublin
(Lublin)
73%
59,07629.6Kherson
69%
33,34714.3Kerch
62%
36,77555.4Gomel
60%
92,01219.5Nikolayev
(Mykolaiv)
59%
49,07818.2Simferopol
59%
31,61627.4Tiraspol
58%
66,03263.4Byelostok
(Białystok)
56%
46,91948.3Grodno
54%
27,71631.7Chernigov
(Chernihiv)
52%
53,70320.4Poltava
52%
69,67546.5Dvinsk
(Daugavpils)
50%
65,87152.2Vitebsk
50%
43.11949.9Mogilyov
(Mogilev)
45%
65,89546.6Zhitomir
(Zhytomyr)
43%
29,60037.0Cherkassy
(Cherkasy)
38%
30,56338.2Vinnitsa
(Vinnytsia)
38%
28,36874.2Pinsk
36%
24,09612.9Feodosiya
(Feodosia)
35%
26,96628.4Plotsk
(Płock)
34%
29,89637.7Radom
34%
24,57356.1Rovno
(Rivne)
34%
45,04526.1Chenstokhov
(Częstochowa)
32%
31,79733.5Bendery
(Bender)
28%
26,49612.4Berdiansk
27%
28,25819.8Akkerman
(Bilhorod-Dnistrovskyi)
25%
34,33660.4Bobruisk
(Babruysk)
25%
63,00747.2Krementchug
(Kremenchuk)
24%
24,41831.0Kalish
(Kalisz)
22%
61,48837.8Yelizavetgrad
(Kropyvnytskyi)
22%
53,35178.0Berdichev
(Berdychiv)
20%
31,01657.8Uman
20%
31,18230.0Petrokov
(Piotrków Trybunalski)
18%
26,23438.4Sedlets
(Siedlce)
18%
35,93445.1Kamenets-Podilskiy
(Kamianets-Podilskyi)
17%
32,11322.9Nezhin
(Nizhyn)
17%
26,09337.6Lomzha
(Łomża)
16%
26,76518.7Pabyanets
(Pabianice)
11%

Score Distribution

Percentile by Number Answered

Percent of People with Each Score

Your Score History

You have not taken this quiz